Modern Arab journalism (Record no. 929)
[ view plain ]
| 000 -LEADER | |
|---|---|
| fixed length control field | 01218nam a2200325Ia 4500 |
| 100 1# - MAIN ENTRY--AUTHOR NAME | |
| Personal name | Mellor, Noha, |
| 245 10 - TITLE STATEMENT | |
| Title | Modern Arab journalism |
| 260 ## - PUBLICATION, DISTRIBUTION, ETC. (IMPRINT) | |
| Place of publication | Edinburgh : |
| Name of publisher | Edinburgh University Press, |
| Year of publication | c2007. |
| 300 ## - PHYSICAL DESCRIPTION | |
| Number of Pages | vii, 242 p. |
| 650 #0 - SUBJECT ADDED ENTRY--TOPICAL TERM | |
| Topical Term | Journalism |
| Topical Term | Press |
| 856 40 - ELECTRONIC LOCATION AND ACCESS | |
| Uniform Resource Identifier | http://site.ebrary.com/lib/rucke/Doc?id=10288215 |
No items available.
